| Поле | Название | Значение |
| |
Тип записи |
a |
| |
Библиографический уровень |
a |
| 001 |
Контрольный номер |
RU/CBS_UL/BASE/44a895d23a0c40cdb94835246c33ae67 |
| 005 |
Дата корректировки |
20260312144053.0 |
| 100 |
Данные общей обработки |
__ |
| a |
Данные общей обработки |
20260312 ||| 0rusy0189 ca |
| 101 |
Язык документа |
0_ |
| a |
Язык текста |
rus |
| 102 |
Страна публикации |
__ |
| a |
Страна публикации |
RU |
| 200 |
Заглавие и сведения об ответственности |
1_ |
| a |
Заглавие |
Почему дрожит холодец? |
| e |
Сведения, относящиеся к заглавию |
[история холодца] |
| f |
Первые сведения об ответственности |
И. Родионов |
| 300 |
Общие примечания |
__ |
| a |
Общие примечания |
16+ |
| 461 |
Уровень набора |
_0 |
| 1 |
|
2000 |
| a |
|
Тайны СССР |
| 463 |
Уровень физической единицы |
_0 |
| 1 |
|
2000 |
| a |
|
№ 2 |
| v |
|
С. 22 : фото |
| 1 |
|
2101 |
| d |
|
2026 |
| 1 |
|
001RU/CBS_UL/BASE/dc8fa20b8774462687245936b1b4b84e |
| 606 |
Тематические рубрики |
0_ |
| a |
Основная рубрика |
Русская кухня |
| 610 |
Ключевые слова |
0_ |
| a |
Ключевые слова |
русская кухня |
| 610 |
Ключевые слова |
0_ |
| a |
Ключевые слова |
кухня русская |
| 610 |
Ключевые слова |
0_ |
| a |
Ключевые слова |
холодец |
| 610 |
Ключевые слова |
0_ |
| a |
Ключевые слова |
студень |
| 610 |
Ключевые слова |
0_ |
| a |
Ключевые слова |
история холодца |
| 686 |
Индексы других классификаций |
__ |
| 2 |
Код системы |
rubbk |
| a |
Классификационный индекс |
36.997(2) |
| 700 |
Автор |
_1 |
| a |
Фамилия |
Родионов |
| b |
Имя (инициалы) |
И. |
| 801 |
Источник записи |
_0 |
| a |
Страна |
RU |
| b |
Организация |
МБУК ЦБС г. Ульяновска |
| c |
Дата составления |
20260312 |
| g |
Правила каталогизации |
RCR |
| 801 |
Источник записи |
_1 |
| a |
Страна |
RU |
| b |
Организация |
МБУК ЦБС г. Ульяновска |
| c |
Дата составления |
20260312 |
| g |
Правила каталогизации |
RCR |
| 901 |
Тип документа |
__ |
| t |
Тип документа |
b |
| w |
Контрольный № источника |
RU/CBS_UL/BASE/dc8fa20b8774462687245936b1b4b84e |
| 909 |
Создатель записи |
__ |
| a |
Создатель записи |
lib2 |